| 000 | 00470nam a2200169Ia 4500 | ||
|---|---|---|---|
| 003 | GCL | ||
| 008 | 140319s9999 xx 000 0 eng d | ||
| 040 |
_aGCL / _cGCL |
||
| 082 | 0 | 4 |
_aCC _b071.962 _bV P |
| 100 | 1 | _aVIAUD, GERARD | |
| 245 | 1 | 0 |
_aPETITE HISTOIRE DE LA PRESSE FRANCOPHONE EN EGYPTE / _cVIAUD, GERARD |
| 260 |
_a[S.N] : _bLE PROGRES EGYPTIEN ، _c1993 |
||
| 650 | 0 | 4 | _aFRENCH LANGUAGE |
| 650 | 0 | 4 | _aLANGUAGES |
| 650 | 0 | 4 | _aEGYPT - HISTORY |
| 942 |
_2ddc _cBK |
||
| 999 |
_c19237 _d19237 |
||